A dónde ir, cómo y cuándo / (Registro nro. 31082)
[ vista simple ]
| 000 -LEADER | |
|---|---|
| fixed length control field | 01464nam a22002417a 4500 |
| 003 - CONTROL NUMBER IDENTIFIER | |
| control field | OSt |
| 005 - DATE AND TIME OF LATEST TRANSACTION | |
| control field | 20250924084104.0 |
| 008 - FIXED-LENGTH DATA ELEMENTS--GENERAL INFORMATION | |
| fixed length control field | 250923t |||a|||| |||| 00| 0 spa d |
| 020 ## - INTERNATIONAL STANDARD BOOK NUMBER | |
| International Standard Book Number | 9586149404 |
| 037 ## - SOURCE OF ACQUISITION | |
| Source of stock number/acquisition | Donación |
| 040 ## - CATALOGING SOURCE | |
| Original cataloging agency | CO-JMCR |
| Language of cataloging | spa |
| Transcribing agency | CO-JMCR |
| Modifying agency | CO-JMCR |
| Description conventions | rda |
| 041 0# - LANGUAGE CODE | |
| Language code of text/sound track or separate title | spa |
| 082 04 - DEWEY DECIMAL CLASSIFICATION NUMBER | |
| Edition number | 23 |
| Classification number | 910.4 |
| Item number | M82d |
| 100 1# - MAIN ENTRY--PERSONAL NAME | |
| Personal name | Mora, Héctor, |
| Dates associated with a name | [1940 – 2017] |
| Relator term | autor. |
| 9 (RLIN) | 44329 |
| 245 10 - TITLE STATEMENT | |
| Title | A dónde ir, cómo y cuándo / |
| Statement of responsibility, etc. | Héctor Mora. |
| 250 ## - EDITION STATEMENT | |
| Edition statement | 2° edición. |
| 264 ## - PRODUCTION, PUBLICATION, DISTRIBUTION, MANUFACTURE, AND COPYRIGHT NOTICE | |
| Place of production, publication, distribution, manufacture | Bogotá D.C. : |
| Name of producer, publisher, distributor, manufacturer | Editorial Planeta, |
| Date of production, publication, distribution, manufacture, or copyright notice | 2000. |
| 300 ## - PHYSICAL DESCRIPTION | |
| Extent | 241 páginas : |
| Other physical details | Ilustraciones ; |
| Dimensions | 20 cm. |
| 505 ## - FORMATTED CONTENTS NOTE | |
| Formatted contents note | Introducción--Las fiestas del mundo--A dónde ir-- Rutas del Mundo--Bodas y coqueteo--Las maravillas naturales--Lugares peligrosos--Espectáculos del mundo-- Las comidas exóticas--Las maravillas del mundo--Aeropuertos e impuestos--Restricciones de aduana y policía--Reglas de oro--Final...final... |
| 520 ## - SUMMARY, ETC. | |
| Summary, etc. | ¿Cómo planear acertadamente un viaje? ¿A dónde ir? ¿Cuándo hacerlo? Héctor Mora, experto en el arte de viajar, recoge en este libro su experiencia de veinticinco años de recorridos por diferentes lugares del mundo, para hacer recomendaciones y presentar datos valiosos que le permitirán a cualquier viajero realizar todos los preparativos que garantizarán el éxito del recorrido turístico, aprovechar al máximo su viaje y vivirlo como una experiencia placentera e inolvidable. |
| 650 24 - SUBJECT ADDED ENTRY--TOPICAL TERM | |
| Source of heading or term | JMCR |
| Topical term or geographic name entry element | Viajes |
| 9 (RLIN) | 13183 |
| 942 ## - ADDED ENTRY ELEMENTS (KOHA) | |
| Source of classification or shelving scheme | Dewey Decimal Classification |
| Koha item type | Books |
| Withdrawn status | Lost status | Source of classification or shelving scheme | Damaged status | Not for loan | Collection code | Home library | Current library | Shelving location | Date acquired | Source of acquisition | Total Checkouts | Full call number | Barcode | Date last seen | Copy number | Price effective from | Koha item type |
|---|---|---|---|---|---|---|---|---|---|---|---|---|---|---|---|---|---|
| Dewey Decimal Classification | Non-fiction | Biblioteca Pública José María del Castillo y Rada | Biblioteca Pública José María del Castillo y Rada | Book Cart | 10/06/2023 | Donación | 910.4 M82d | 201812038 | 09/24/2025 | Ej.1 | 09/24/2025 | Books |